Prueba de California - Estadísticas

Estadísticas generales
  • Esta prueba ha sido intentada 25 veces
    16 desde el último reinicio
  • La puntuación promedio es 16 de 19
Estadísticas de respuestas
Pista Respuesta % Correcto
Ciudad más poblada Los Ángeles
100%
Países de los cuales California formó parte en el pasado México
100%
Océano que baña las costas del territorio Océano Pacífico
100%
Lugar donde tienen sus sedes Apple, Google y Facebook {Silicon} Valley
100%
Gentilicio del estado Californiano, -a
92%
Falla geológica que atraviesa gran parte de la costa de California Falla de {San Andrés}
92%
Animal presente en la bandera estatal Oso
92%
Estado mexicano limítrofe al sur Baja California
85%
Industria más importante de Hollywood Cine
85%
Países de los cuales formó parte California en el pasado España
85%
Popular puente rojo ubicado en la ciudad de San Francisco Golden Gate
85%
Estado estadounidense limítrofe al norte Oregón
85%
Lugar más bajo y caluroso de Estados Unidos Valle de la {muerte}
85%
Especie de árbol más pesada, originaria de la zona Secuoya gigante
77%
Ciudad costera méxicana fronteriza con el sur del territorio Tijuana
77%
Tercera lengua más hablada en el estado Chino mandarín
69%
Capital del estado Sacramento
69%
Desierto en el sureste de California Desierto de {Mojave}
46%
Valle conocido por su producción de vino Valle de {Napa}
46%
No se encontraron pruebas coincidentes
Distribución de puntuación
Porcentaje de gente con cada puntuación
Porcentaje por número respondido
Historial de tus puntuaciones
No has intentado esta prueba desde el último reinicio